LEADER 01030nam a2200253 i 4500 001 000000177985 003 CaOOAMICUS 005 20220118084407.0 008 090416s1978 it u000 u ita u 013 $a155554 040 $aSeMil$bita 100 1 $aLambiasi, Francesco,$c.$0(OLS)http://semarc/name/18922 245 12$aL'autenticitą storica dei Vangeli :$bstudio di criteriologia /$cFrancesco Lambiasi. 260 $aBologna :$bEDB,$c1978. 300 $a271 p. ;$c22 cm. 490 0 $aStudi biblici ;$v4 650 4$aBibbia - NT - Vangeli - Storicitą.$0(OLS)http://semarc/subject/4830 830 0$aStudi biblici ;$v4.$0(OLS)http://semarc/title/438659 850 $aSeMil 852 $aSeMil$W1$xVenegono$y1$m2YA V 4$j263342$B128779$CSeMilBibl$Z2$F141295 $81 961 $aRecupero: Altro 996 $6245$aL'autenticitą storica dei Vangeli :$bstudio di criteriologia$9(OLS)http://semarc/title/255622 996 $6260$aBologna :$bEDB$9(OLS)http://semarc/publisher/29669 LEADER 00832nam a2200229 i 4500 001 000000159054 003 CaOOAMICUS 005 20240516121231.0 008 110418s19uu it u000 u ita u 013 $a136417 040 $aSeMil$bita 100 1 $aDel Lungo, Isidoro <1841-1927>.$0(OLS)http://semarc/name/15614 245 10$aRepubblica medicea /$cIsidoro Del Lungo. 260 $a[S.l. :$bs.n.,$c190?] 300 $aP. 210-214 ;$c23 cm. 500 $aEstratto da «La rassegna nazionale», vol. 115. 773 0 $t[Miscellanea.$w()24786 850 $aSeMil 852 $aSeMil$W1$xVenegono$y1$m5B II 2/20 FA$j248185$B110640$CSeMilBibl$Z2$F120271 $8I 996 $6245$aRepubblica medicea$9(OLS)http://semarc/title/140826 996 $6260$a[S.l. :$bs.n.$9(OLS)http://semarc/publisher/31686